| 000 | 00583na a2200205 4500 | ||
|---|---|---|---|
| 001 | 20714 | ||
| 003 | MIRAKIL | ||
| 005 | 20181213155146.0 | ||
| 008 | 170126b tu 000 0 | ||
| 040 |
_aMilas _btur _cTR-AnCHP |
||
| 041 | _atur | ||
| 082 |
_a331.8811 _bS35 1995 |
||
| 090 | _a331.8811 S35 1995 | ||
| 245 |
_aSendikal yasaklar ve taleplerimiz _cKESK |
||
| 260 |
_aİstanbul _bKESK _c1995 _fMart matbaacılık |
||
| 300 |
_a56 s. _bres. _c19 sm. |
||
| 650 |
_aİşçi sendikaları _xTürkiye |
||
| 710 | _aKamu Emekçileri Sendikaları Konfederasyonu | ||
| 942 |
_2ddc _cBKS |
||
| 999 |
_c7658 _d7658 |
||